Statistics for Big Lebowski Quotes Quiz

Click here to take the quiz!

General Stats

  • This quiz has been taken 10,411 times
  • The average score is 13 of 22

Answer Stats

Character Quote % Correct
The DudeThat {rug} really tied the room together.
92%
WalterSmokey, this is not 'Nam. This is bowling. There are {rules}.
89%
WalterSmokey, my friend, you are entering a world of {pain}.
86%
WalterAwww, **** it Dude. Let's go {bowling}.
76%
WalterI can get you a toe, believe me. There are {ways}, Dude.
74%
WalterForget it, Donny, you're out of your {element}.
73%
The DudeHis Dudeness, or uh, Duder, or El {Duderino} if you're not into the whole brevity thing.
72%
NihilistWe believe in {nothing}, Lebowski.
65%
WalterI don't {roll} on Shabbos!
64%
WalterGood night, sweet {prince}.
58%
BrandtHer life is in {your} {hands}.
58%
Maude LebowskiSex. The physical act of love. {Coitus}. Do you like it?
53%
The DudeCome on, man. I had a rough night and I hate the **** {Eagles}, man!
48%
WalterWhen he moved to Hollywood he had to go door to door to tell everyone he was a {pederast}.
44%
The DudeHey, careful, man, there's a {beverage} here!
42%
BrandtThey're not literally his children. They're the Little Lebowski {Urban} {Achievers}.
41%
The DudeThis will not stand, ya know, this {aggression} will not stand, man.
41%
The StrangerSometimes you eat the {bar}, and sometimes, well, he eats you.
38%
Jeffrey LebowskiThe {bums} will always lose. Do you hear me, Lebowski?
37%
WalterI mean, say what you like about the tenets of National Socialism, Dude, at least it's an {ethos}.
35%
Maude LebowskiHe's a good man, and {thorough}.
35%
DonnyI'm throwin' {rocks} tonight!
33%

Score Distribution

Percentile by Number Answered

Percent of People with Each Score

Your Score History

You have not taken this quiz